Beach erosion at Kitty Hawk, Nags Head, and Oregon Inlet, N. C. Letter from the Secretary of War transmitting a letter from the Chief of Engineers, United States Army, dated April 1, 1935, submitting a report, together with accompanying papers and illustrations, on studies and investigations of beach erosion at Kitty Hawk, Nags Head, and Oregon Inlet, N. C., made by the Beach Erosion Board, in cooperation with the North Carolina Department of Conservation and Development, as authorized by the River and Harbor Act, approved July 3, 1930.

Bibliographic Details
Corporate Authors: United States. Congress. House. Committee on Rivers and Harbors, ProQuest (Firm)
Format: eBook
Language:English
Published: Washington : [publisher not identified], 1935.
Series:United States congressional serial set.
Subjects:
Online Access:Connect to the full text of this electronic book

MARC

Tag First Indicator Second Indicator Subfields
LEADER 00000cam a22000001a 4500
001 in00003127036
005 20190402202841.0
006 m o d
007 cr un mmmapmmp
008 071214s1935 dcuabd o f000 0 eng d
035 |a cis2004190915 
040 |a UMI  |c UMI  |d UtOrBLW 
043 |a n-us--- 
099 |a ProQuest Serial Set Number 9937 H.doc.155 
110 1 |a United States.  |b Congress.  |b House.  |b Committee on Rivers and Harbors. 
245 1 0 |a Beach erosion at Kitty Hawk, Nags Head, and Oregon Inlet, N. C. Letter from the Secretary of War transmitting a letter from the Chief of Engineers, United States Army, dated April 1, 1935, submitting a report, together with accompanying papers and illustrations, on studies and investigations of beach erosion at Kitty Hawk, Nags Head, and Oregon Inlet, N. C., made by the Beach Erosion Board, in cooperation with the North Carolina Department of Conservation and Development, as authorized by the River and Harbor Act, approved July 3, 1930. 
246 1 |a Report on beach erosion at Kitty Hawk, Nags Head, and Oregon Inlet, N.C 
264 1 |a Washington :  |b [publisher not identified],  |c 1935. 
300 |a 1 online resource. 
336 |a text  |b txt  |2 rdacontent 
337 |a computer  |b c  |2 rdamedia 
338 |a online resource  |b cr  |2 rdacarrier 
490 0 |a H.doc.155 
500 |a Includes illustrations. 
500 |a Record is based on bibliographic data in ProQuest U.S. Serial Set Digital Collection (last viewed Dec. 2007). Reuse except for individual research requires license from ProQuest, LLC. 
510 3 |a ProQuest U.S. Serial Set Digital Collection 
500 |a Electronic resource. 
650 0 |a Seashore. 
650 0 |a Beach erosion. 
651 0 |a North Carolina. 
655 7 |a Electronic books.  |2 local 
710 2 |a ProQuest (Firm) 
830 0 |a United States congressional serial set. 
856 4 0 |u http://proxy.library.tamu.edu/login?url=http://congressional.proquest.com/congcomp/getdoc?SERIAL-SET-ID=9937+H.doc.155  |z Connect to the full text of this electronic book  |t 0 
999 |a MARS 
999 f f |s df2e76f8-90b1-34f4-8063-caaad75950b6  |i 5d79b4d2-fdf9-394b-bc71-43cb89ff8990  |t 0 
952 f f |a Texas A&M University  |b College Station  |c Electronic Resources  |d Available Online  |t 0  |e ProQuest Serial Set Number 9937 H.doc.155  |h Other scheme 
998 f f |a ProQuest Serial Set Number 9937 H.doc.155  |t 0  |l Available Online